01126naa#a2200205#i#4500001001600000005001700016011001400033100004100047102000700088200026100095210020500356215001000561608004500571675005000616700005400666700005200720700006000772700005800832856003000890RU\\bibl\11538520260429112031.3##a1994-4683##a20260429b2026####ek#y0rusy0150####ca##aRU1#aСравнительный анализ соревновательной деятельности борцов греко-римского стиля чемпионата России и чемпионата мира 2025eЖурнальная статья1#aМоскваcНациональный государственный Университет физической культуры, спорта и здоровья им. П.Ф. Лесгафтаd2026##a4 с.##aЖурнальная статья2local##aКлассическая борьба. 796.82#1aФедоровgГригорий Павлович#1aНеробеевgНиколай Юрьевич#1aЛевицкийgАлексей Григорьевич#1aДенисенкоgАндрей Николаевич4#auchzapiski.lesgaft.spb.ru